Best Tennis Grand Slam Women's Player By Country - Statistics

General Stats
  • This quiz has been taken 253 times
    25 since last reset
  • The average score is 15 of 20
Answer Stats
Country Player % Correct
Belarus Aryna Sabalenka
92%
Russia Maria Sharapova
92%
Poland Iga Świątek
88%
Switzerland Martina Hingis
88%
Czechoslovakia* Martina Navrátilová
88%
Yugoslavia* Monica Seles
88%
United States Serena Williams
88%
Germany Steffi Graf
88%
Belgium Justine Henin
83%
Spain Arantxa Sánchez
79%
Argentina Gabriela Sabatini
79%
Japan Naomi Osaka
79%
China Li Na
75%
France Mary Pierce
75%
Romania Simona Halep
71%
Australia Evonne Goolagong
67%
United Kingdom Virginia Wade
67%
Italy Francesca Schiavone
50%
South Africa Amanda Coetzer
21%
Soviet Union Olga Morozova
13%
No matching quizzes found
Score Distribution
Percent of People with Each Score
Percentile by Number Answered
Your Score History
You have not taken this quiz since the last reset